Roots of national culture: Americal literature to 1830 (Record no. 186267)

MARC details
000 -LEADER
fixed length control field 00379nam a2200145Ia 4500
008 - FIXED-LENGTH DATA ELEMENTS--GENERAL INFORMATION
fixed length control field 230917s9999||||xx |||||||||||||| ||und||
040 ## - CATALOGING SOURCE
-- 130134
Original cataloging agency VIVEKANANDA LIBRARY
041 ## - Language
-- English
082 ## - DDC NUMBER
Classification number 810.9 S45R
100 ## - MAIN ENTRY--PERSONAL NAME
Personal name Spiller, Robert E
245 #0 - TITLE STATEMENT
Title Roots of national culture: Americal literature to 1830
260 ## - PUBLICATION, DISTRIBUTION, ETC. (IMPRINT)
Place of publication, distribution, etc New York
Name of publisher, distributor, etc MacMillan
Date of publication, distribution, etc 1933
300 ## - PHYSICAL DESCRIPTION
Pages 758 p.
942 ## - ADDED ENTRY ELEMENTS (KOHA)
Koha item type Books
Holdings
Withdrawn status Lost status Damaged status Not for loan Location (home branch) Sublocation or collection (holding branch) Date acquired Koha issues (times borrowed) Koha full call number Accession No. Koha date last seen Koha item type
        VIVEKANANDA LIBRARY VIVEKANANDA LIBRARY 02/02/2010   810.9 S45R 41979 17/09/2023 Books
© Designed and Maintained by Vivekananda Library, MDU Rohtak